UEFA Champions League 13 or More Goal and Assist By Year - Statistics

General Stats
  • This quiz has been taken 108 times
  • The average score is 31 of 34
Answer Stats
Season Player Nationality Team Goal / Assist % Correct
08-09 Lionel Messi Argentina FC Barcelona 9G5A
100%
10-11 Lionel Messi Argntina FC Barcelona 12G4A
100%
11-12 Lionel Messi Argentina FC Barcelona 14G5A
100%
14-15 Lionel Messi Argentina FC Barcelona 10G6A
100%
Lionel Messi Argentina FC Barcelona 11G2A
100%
18-19 Lionel Messi Argentina FC Barcelona 12G3A
100%
Cristiano Ronaldo Portugal Real Madrid 10G3A
99%
12-13 Cristiano Ronaldo Portugal Real Madrid 12G1A
99%
13-14 Cristiano Ronaldo Portugal Real Madrid 17G5A
99%
Cristiano Ronaldo Portugal Real Madrid 10G4A
99%
15-16 Cristiano Ronaldo Portugal Real Madrid 16G4A
99%
16-17 Cristiano Ronaldo Portugal Real Madrid 12G6A
99%
17-18 Cristiano Ronaldo Portugal Real Madrid 15G3A
99%
Neymar Brazil FC Barcelona 9G4A
98%
22-23 Erling Haaland Norway Manchester City 12G1A
96%
21-22 Karim Benzema France Real Madrid 15G2A
96%
Mohamed Salah Egypt Liverpool FC 10G4A
96%
19-20 Robert Lewandowski Poland Bayern Munich 15G6A
96%
Robert Lewandowski Poland Bayern Munich 13G3A
96%
Roberto Firmino Brazil Liverpool FC 10G8A
92%
Edin Dzeko Bosnia AS Roma 8G5A
91%
Samuel Eto'o Cameroon Inter 8G5A
89%
Luís Figo Portugal FC Barcelona 5G8A
88%
00-01 Luis Figo Portugal Real Madrid 5G9A
88%
99-00 Raúl Spain Real Madrid 10G4A
88%
Raúl Spain Real Madrid 9G6A
88%
06-07 Kaka Brazil AC Milan 10G3A
86%
01-02 Ruud van Nistelrooy Netherlands Manchester United 10G3A
82%
02-03 Ruud van Nistelrooy Netherlands Manchester United 12G4A
82%
97-98 Alessandro Del Piero Italy Juventus 10G4A
78%
Sébastien Haller Ivory Coast AFC Ajax 11G2A
68%
Filippo Inzaghi Italy AC Milan 10G3A
66%
Mario Gómez Germany Bayern Munich 12G1A
64%
98-99 Dwight Yorke England Manchester United 8G8A
40%
No matching quizzes found
Score Distribution
Percent of People with Each Score
Percentile by Number Answered
Your Score History
You have not taken this quiz